000 00777nam a2200229Ia 4500
003 GCL
008 140319s9999 xx 000 0 ara d
040 _aGCL /
_cGCL
082 0 4 _a811.008022
_bم غ
100 1 _aمحمد زغلول سلام
245 1 0 _aغرائب التنبيهات على عجائب التشبيهات /
_cمحمد زغلول سلام
700 1 _aمصطفى الصاوى الجوينى
700 1 _aالازدى، جمال الدين على بن ظاف
260 _a[S.N] :
_bدار المعارف ،
_c1983
300 _a218 ص
490 _aذخائر العرب
_v0
650 0 4 _aالشعر العربى
650 0 4 _aدواوين وقصائد
650 0 4 _aالبلاغة العربية
650 0 4 _aالبلاغة
942 _2ddc
_cBK
999 _c56142
_d56142